The Economist (Record no. 5575)

MARC details
000 -LEADER
fixed length control field 00445nas a22001937i 4500
001 - CONTROL NUMBER
control field 5858
003 - CONTROL NUMBER IDENTIFIER
control field OSt
005 - DATE AND TIME OF LATEST TRANSACTION
control field 20240913142157.0
007 - PHYSICAL DESCRIPTION FIXED FIELD--GENERAL INFORMATION
fixed length control field tu
008 - FIXED-LENGTH DATA ELEMENTS--GENERAL INFORMATION
fixed length control field 161220s2010 xxu||||| |||| 00| 0 d
024 7# - OTHER STANDARD IDENTIFIER
Standard number or code 5858
Source of number or code RID
024 7# - OTHER STANDARD IDENTIFIER
Standard number or code 5858
Source of number or code RSN (alt)
040 ## - CATALOGING SOURCE
Transcribing agency OSt
110 2# - MAIN ENTRY--CORPORATE NAME
Corporate name or jurisdiction name as entry element The Economist Group
245 00 - TITLE STATEMENT
Title The Economist
260 ## - PUBLICATION, DISTRIBUTION, ETC.
Place of publication, distribution, etc. London :
Name of publisher, distributor, etc. Economist Group,
Date of publication, distribution, etc. 2010 - 2021
856 ## - ELECTRONIC LOCATION AND ACCESS
Uniform Resource Identifier <a href="http://www.economist.com">http://www.economist.com</a>
942 ## - ADDED ENTRY ELEMENTS (KOHA)
Koha item type Journal
Source of classification or shelving scheme Other/Generic Classification Scheme
Holdings
Withdrawn status Lost status Damaged status Not for loan Home library Current library Shelving location Date acquired Serial Enumeration / chronology Inventory number Total Checkouts Barcode Date last seen Price effective from Koha item type
        WIIW WIIW Library 08/21/2015 416.2015,8952 5858   10006146 01/26/2017 01/26/2017 Journal
The Vienna Instiute for International Economic Studies (wiiw)